000 00490nam a2200157 i 4500
001 65089
003 ES-MaACL
005 20230906165310.0
007 t|
008 040108q1950 sp ||||1| spa d
100 1 _aFraga Rodríguez, Alfonso.
_952079
245 1 0 _aCuaderno de problemas de Física y Química
_b: cuarto curso /
_cAlfonso Fraga Rodríguez.
260 _a[Almería :
_bs.n.,
_c1950?] (
_fImp. Caparrós)
300 _a42 p. ;
_c17 cm.
852 _aES-MaACL
_j1904-F-1
_bR.29076
999 _c65089
_d65089